Sabrina Carpenter - Paroles Bad Reviews - Statistiques

Statistiques générales
  • Ce quiz a été pris 54 fois
    10 depuis la dernière actualisation
  • Le résultat moyen est 134 sur 156
Statistiques - réponses
Hint Réponse % Correct
all
100%
All
100%
an
100%
and
100%
And
100%
bad
100%
be
100%
choose
100%
heard
100%
I
100%
in
100%
Couplet 1 | Couplet 3 I've
100%
love
100%
news
100%
Outro Ooh,
100%
reviews
100%
still,
100%
Still,
100%
the
100%
them
100%
to
100%
with
100%
you
100%
again
86%
alone
86%
are
86%
Couplet 2 Been
86%
blue
86%
Couple
86%
flags
86%
for
86%
got
86%
it's
86%
long,
86%
long
86%
lose
86%
not
86%
prove
86%
red
86%
so
86%
So,
86%
somethin'
86%
wrong
86%
your
86%
almost
71%
any
71%
boy
71%
boyfriend
71%
close
71%
cut
71%
doesn't?
71%
even
71%
eye,
71%
feelings,
71%
fresh
71%
good
71%
gut
71%
had
71%
If
71%
I'm
71%
judgment
71%
like
71%
loose
71%
my
71%
of
71%
out
71%
refuse
71%
rehab
71%
save
71%
that's
71%
too
71%
well,
71%
who
71%
you're
71%
another
57%
at
57%
awareness
57%
baths,
57%
But,
57%
can't
57%
careless,
57%
'Cause
57%
friends
57%
fuse
57%
intentionally
57%
Just
57%
least
57%
me,
57%
me
57%
self
57%
Bridge Short
57%
someone
57%
tryna
57%
want
57%
Aucun quiz correspondant
Distribution des résultats
% des personnes avec chaque résultat
Percentile par nombre de réponses
Votre historique - résultats
Vous n’avez pas pris ce quiz depuis la dernière actualisation